• 首页
  • 本馆介绍
  • 公告通知
  • 最新文献
  • 馆藏检索
  • 电子资源
  • 读者导购
  • 参考咨询
  • 我的图书馆
  • 登录
  • 详细信息显示
  • 放入我的书架
  • 预约/预借图书
  • 作者相关作品
  • 分类相关作品
  • 丛书相关作品
  • 出版社相关作品

书目信息

  • 表格格式
  • 工作单格式
  • 卡片格式
题名:
资源权论
    
 
作者: 金海统 著
分册:  
出版信息: 北京   法律出版社  2010
页数: 233页
开本: 21cm
丛书名: 厦门大学法学学术文库
单 册:
中图分类: D922.604
科图分类:
主题词: 自然资源--权利--研究--中国 , 自然资源 , 权利
电子资源:
ISBN: 978-7-5118-0131-9
000 01087oam2 2200325 450
001 100428706472
005 20110224090821.53
010    @a978-7-5118-0131-9@dCNY23.00
035    @a004438153
100    @a20100319d2010 em y0chiy0110 ea
101 0  @achi
102    @aCN@b110000
105    @ay z 000yy
106    @ar
200 1  @a资源权论@9zi yuan quan lun@f金海统著@zeng
210    @a北京@c法律出版社@d2010
215    @a233页@d21cm
225 2  @a厦门大学法学学术文库
300    @a教育部人文社会科学研究项目基金资助
312    @a封面英文题名:On the right to the natural resource
330    @a本书共五章,讲解了资源权创设的基点、资源权的法哲学基础、资源权的概念分析、资源权的堆迭、性质与体系、资源权下国家所有的本质等内容。
461  0 @12001 @a厦门大学法学学术文库
510 1  @aOn the right to the natural resource@zeng
606 0  @a自然资源@x权利@x研究@y中国
606 0  @a自然资源
606 0  @a权利
690    @aD922.604@v4
701  0 @a金海统@9jin hai tong@c(法学)@4著
801  0 @aCN@bNLC@c20110224
905    @b205978021-058@h597802-05@dD922.604@e952@f4
    
    资源权论/金海统著.-北京:法律出版社,2010
    233页;21cm.-(厦门大学法学学术文库)
    教育部人文社会科学研究项目基金资助
    
    ISBN 978-7-5118-0131-9:CNY23.00
    本书共五章,讲解了资源权创设的基点、资源权的法哲学基础、资源权的概念分析、资源权的堆迭、性质与体系、资源权下国家所有的本质等内容。
●
相关链接 在E读中查询图书 在五车中查询图书 在当当中查询图书 在豆瓣中查询图书


正题名:资源权论     索取号:D922.604/952         预约/预借

序号 登录号 条形码 馆藏地/架位号 状态 备注
1 597802   205978021   第一样本阅览室/ [索取号:D922.604/952] 在馆    
2 597803   205978030   密集书库-史法系/ [索取号:D922.604/952] 在馆    
3 597804   205978049   第一借阅区/ [索取号:D922.604/952] 在馆    
4 597805   205978058   第一借阅区/ [索取号:D922.604/952] 在馆    
唐山师范学院图书馆 欢迎您!
大连网信软件有限公司© 版权所有